00627 2200205 4500001002100000008004100021035002000062245010900082100002700191250001000218260004700228300002800275020002200303084001400325520003000339082000800369650002000377990001200397990001200409INLIS000000000015113 ind  a0010-1222000192 aBe A Super Bunda: Bagaimana menjadi Orangtua Baik untuk Anak HebatcRose Kusumaning Ratri;editor, Imamah aROSE, Kusumaning Ratri acet.1 aYogyakarta :bHijaz Pustaka Mandiri,c2022 a160 hlm.: ilus.c21 cm. a978-602-5790-89-8 a372 ROS b aBibliogarfi.: 159-160 hlm a372 aPENDIDIKAN.ANAK a10202 a a10202 b